| 000 | 01142nam a22002297a 4500 | ||
|---|---|---|---|
| 003 | NALT | ||
| 005 | 20211022213226.0 | ||
| 008 | s2545 th tha d | ||
| 040 | _aNALT | ||
| 041 | _atha | ||
| 090 | _aว SB351.H5 ช518ค 2545 | ||
| 100 | 0 | _aชาติชาย รัตนคีรี | |
| 245 | 1 | 0 | _aโครงการ "การอนุรักษ์และฟื้นฟูสมุนไพรพื้นบ้านชาวไทยภูเขา" อำเภอปางมะผ้า จังหวัดแม่ฮ่องสอน |
| 260 | 3 |
_aกรุงเทพฯ : _bสำนักงานกองทุนสนับสนุนการวิจัย, _c2545 |
|
| 300 |
_a87 หน้า : _b ภาพประกอบ, แผนที่ ; _c 29 ซม. |
||
| 650 | 0 | 4 | _aสมุนไพร -- วิจัย |
| 650 | 0 | 4 | _aสมุนไพรพื้นบ้าน -- การอนุรักษ์ -- วิจัย |
| 650 | 0 | 4 | _aสมุนไพรพื้นบ้าน -- วิจัย |
| 850 | _aNALT | ||
| 942 |
_cRSH _2lcc |
||
| 998 |
_bSUKUNYA _j109 _k อารีรัตน์ วิชาช่าง |
||
| 999 |
_c31575 _d31575 |
||